000 00904nam a2200253 a 4500
001 BRL_357
005 20190320210714.0
008 050813s1940----u--a######---#000-0#eng-#
041 _aeng
044 _au
050 4 _aWZ290
_b.W35 1940
100 1 _aWalcott Emmart, Emily
_923643
245 1 0 _aThe Bandianus Manuscript
_b(Codex Barberini, Latin 241) Vatican Library an Aztec herbal of 1552.
_cintroduction, translation and annotations by Emily Walcott Emmart with a foreword by Henry E. Sigerist.
260 _aBaltimore
_bThe Johns Hopkins Press
_c1940
300 _axxiv, 341 p.
_bil.
_c31 cm.
504 _aBibliografía : p. 339-341
650 1 4 _aMateria médica
_yPrimeros trabajos hasta 1800
_923644
650 1 4 _aMateria médica, plantas
_923645
650 1 4 _aBotánica
_zMéxico
_923646
650 1 4 _aAztecas
_92396
700 1 _aE. Sigerist, Henry
_923647
902 _aGRL
942 _2lcc
_cB
999 _c9170
_d9170